000 01531nam a22002537a 4500
003 BJBSDDR
005 20260508100445.0
007 ta
008 260508s2016 nyu||||| |||| 00| 0 eng d
020 _a9781501121968
020 _a1501121960
040 _bspa
_cBJBSDDR
041 _aeng
050 _bH488 2016
100 1 _aHemingway, Ernest,
_d1899-1961
_915710
245 1 4 _aThe sun also rises /
_cErnest Hemingway, Patrick Hemingway, Seán Hemingway
260 _aNew York :
_bScribner,
_c2016
300 _a xx, 290 pages :
_billustrations ;
_c22 cm
520 _aFirst published in 1926, The Sun Also Rises is a classic example of Hemingway's spare but powerful writing style. It celebrates the art and craft of Hemingway's quintessential story of the Lost Generation-- presented by the Hemingway family with illuminating supplementary material from the Hemingway Collection at the John F. Kennedy Library. The Hemingway Library Edition commemorates Hemingway's classic novel with a personal foreword by Patrick Hemingway, the author's sole surviving son, and an introduction by Sean Hemingway, grandson of the author. Hemingway considered the extensive rewriting that he did to shape his first novel the most difficult job of his life. Early drafts, deleted passages, and possible titles included in this new edition elucidate how the author achieved his first great literary masterpiece
700 1 _aHemingway, Patrick
_948352
700 1 _aHemingway, Seán
_948353
942 _2lcc
_n0
_cBK
946 _icmc
999 _c127027
_d127027